Simplified design of concrete structures

Simplified Design of Concrete Structures, Eighth Edition covers all the latest, commonly used concrete systems, practices, and research in the field, reinforced with examples of practical designs and general building structural systems. Updated to conform to current building codes, design practices,...

Πλήρης περιγραφή

Αποθηκεύτηκε σε:
Λεπτομέρειες βιβλιογραφικής εγγραφής
Κύριος συγγραφέας: Ambrose, James E.
Μορφή: Βιβλίο
Γλώσσα:Undetermined
Έκδοση: Hoboken, N.J. J. Wiley & Sons 2007
Θέματα:
Ετικέτες: Προσθήκη ετικέτας
Δεν υπάρχουν, Καταχωρήστε ετικέτα πρώτοι!
Thư viện lưu trữ: Trung tâm Học liệu Trường Đại học Cần Thơ
LEADER 00986nam a2200205Ia 4500
001 CTU_164356
008 210402s9999 xx 000 0 und d
020 |c 73.83 
082 |a 693.54 
082 |b A496 
100 |a Ambrose, James E. 
245 0 |a Simplified design of concrete structures 
245 0 |c James Ambrose and Patrick Tripeny 
260 |a Hoboken, N.J. 
260 |b J. Wiley & Sons 
260 |c 2007 
520 |a Simplified Design of Concrete Structures, Eighth Edition covers all the latest, commonly used concrete systems, practices, and research in the field, reinforced with examples of practical designs and general building structural systems. Updated to conform to current building codes, design practices, and industry standards. 
650 |a Reinforced concrete construction,Structural design,Bê tông cốt thép xây dựng,Thiết kế kết cấu 
904 |i Thoa, Hải 
980 |a Trung tâm Học liệu Trường Đại học Cần Thơ